000 00282nam a2200109Ia 4500
008 190914s9999||||xx |||||||||||||| ||und||
100 _aPasmith
245 0 _aMarketing Communications an Integrated approach
260 _aNew Delhi
_bBantam Books
_c1982
300 _a730
942 _cBK
999 _c9243
_d9243